000 00571nam a2200181Ia 4500
008 100920s9999 xx 000 0 und d
082 _b78134
_a28 व ... थ 98
100 _aसानेगुरूजी.
245 _aसती.
260 _bइंद्रायणी साहित्य प्रकाशन पुणे 30.
_c1998
300 _a140
_bसाधी
365 _b70
520 _aबा.वि.कादंबरी.
630 _aसती.
650 _aबा.वि.कादंबरी.
730 _aसती.
942 _cBOOK
999 _c719326
_d719323